Brian Patrick McGuire, Jean Gerson and the Last Medieval Reformation, Philadelphie, The Pennsylvania State University Press, 2005, XVIII-442 p. ISBN 0-271-02707-3, 0-271-02706-1. (notice n° 1651256)
[ vue normale ]
| 000 -LEADER | |
|---|---|
| fixed length control field | 00607cam a2200145 4500500 |
| 005 - DATE AND TIME OF LATEST TRANSACTION | |
| control field | 20260208005241.0 |
| 041 ## - LANGUAGE CODE | |
| Language code of text/sound track or separate title | fre |
| 042 ## - AUTHENTICATION CODE | |
| Authentication code | dc |
| 100 10 - MAIN ENTRY--PERSONAL NAME | |
| Personal name | Roccati, Giovanni Matteo |
| Relator term | author |
| 245 00 - TITLE STATEMENT | |
| Title | Brian Patrick McGuire, Jean Gerson and the Last Medieval Reformation, Philadelphie, The Pennsylvania State University Press, 2005, XVIII-442 p. ISBN 0-271-02707-3, 0-271-02706-1. |
| 260 ## - PUBLICATION, DISTRIBUTION, ETC. | |
| Date of publication, distribution, etc. | 2007.<br/> |
| 500 ## - GENERAL NOTE | |
| General note | 15 |
| 786 0# - DATA SOURCE ENTRY | |
| Note | Revue historique | 642 | 2 | 2007-06-01 | p. 379p-501p | 0035-3264 |
| 856 41 - ELECTRONIC LOCATION AND ACCESS | |
| Uniform Resource Identifier | <a href="https://shs.cairn.info/revue-historique-2007-2-page-379p?lang=fr&redirect-ssocas=7080">https://shs.cairn.info/revue-historique-2007-2-page-379p?lang=fr&redirect-ssocas=7080</a> |
Pas d'exemplaire disponible.




Réseaux sociaux